000 00417nam a2200157 i 4500
001 21205
003 ES-MaACL
005 20230906152434.0
007 t|
008 021122s1970 sp ||||1| spa d
100 1 _aAlbareda, Ginés de.
_919235
245 1 0 _aPresencia
_b: sonetos /
_cGinés de Albareda.
260 _aMadrid :
_bDiana,
_c1970.
300 _a143 p. ;
_c21 cm.
852 _aES-MaACL
_jC-38424
_bR.74447
999 _c21205
_d21205